El gran libro de la mitología griega: basado en el Manual de mitología griega de H. J. Rose
Guardat en:
| Autor principal: | |
|---|---|
| Format: | Llibre |
| Idioma: | espanyol |
| Publicat: |
Madrid
La Esfera de los Libros
2017
|
| Edició: | 7a. ed |
| Matèries: | |
| Etiquetes: |
Afegir etiqueta
Sense etiquetes, Sigues el primer a etiquetar aquest registre!
|
MARC
| LEADER | 00000cam a2200000 a 4500 | ||
|---|---|---|---|
| 001 | UCC1950 | ||
| 003 | CL-VaPUC | ||
| 008 | 171214e20170000sp |||||||||||||||||spa|d | ||
| 020 | |a 9788497346993 | ||
| 082 | 0 | 4 | |a 292.08 |b HAR |2 21 |
| 100 | 0 | |a Hard, Robin |e author |9 596067 | |
| 245 | 1 | 3 | |a El gran libro de la mitología griega: basado en el Manual de mitología griega de H. J. Rose |
| 250 | |a 7a. ed | ||
| 300 | |a 934 p | ||
| 942 | |c BK | ||
| 945 | |d 20171214 17:05:00 |a dcastane | ||
| 260 | |a Madrid |b La Esfera de los Libros |c 2017 | ||
| 650 | 0 | |a Mitología griega |9 265313 | |
| 650 | 0 | |a Mitos |9 267117 | |
| 583 | |a last modification |c 20171214 17:05:00 |k Rodrigo Vera | ||
| 999 | |c 370279 |d 370277 | ||
| 952 | |0 0 |1 0 |3 erb |4 0 |6 292_080000000000000_HAR_2017 |7 0 |8 A |9 486658 |a BIBHIS |b BIBHIS |i 5442036 |l 2 |o 292.08 HAR 2017 |p 5442036 |r 2025-03-20 |s 2025-03-20 |w 2019-11-24 |y BK |z Catalogado en:20171214 |k HIS | ||
| 952 | |0 0 |1 0 |3 erb |4 0 |6 292_080000000000000_HAR_2017 |7 0 |8 A |9 486659 |a BIBHIS |b BIBHIS |i 5464633 |l 1 |o 292.08 HAR 2017 |p 5464633 |r 2025-03-14 |s 2025-03-14 |w 2019-11-24 |y BK |z Catalogado en:20180413 |k HIS | ||